000 02316nam a2200325 a 4500
001 000006363
003 DO-SdBPM
005 20250821143734.0
007 ta
008 090828s2002 dr a 000 0 spa d
020 _a9993461229
040 _aDO-SdBPM
_bspa
_cBPMSU
_erda
049 _a
082 4 _a388.3
_bS715c 2002
_222
100 1 _aSosa, José Rafael
_eautor
245 1 0 _aConducción en bondad /
_cJosé Rafael Sosa ; corrección Delcy Rodríguez.
260 _c
264 _aSanto Domingo :
_bEditora Búho,
_c2002
300 _a141 páginas :
_bilustraciones ;
_c22 cm.
336 _atexto
_btxt
_2rdacontent
337 _asin mediación
_bn
_2rdamedia
338 _avolumen
_bnc
_2rdacarrier
504 _aIncluye bibliografías (p. 140-141)
505 0 _aPresentaciones : Socorro Castellanos.-- Dirección General de Tránsito Terrestre.-- INSPRAT.-- Cámara Junior.-- Oración del conductor en bondad, 2.-- El placer de conducir, 5.-- Gracias a Dios, he chocado, 13.-- La cultura del atajo, 23.-- ¿Cómo es el transito en el país?, 27.-- Más vehículos, más accidentes, más muertos... ¿dónde vamos a llegar?, 37.-- Las voladoras.-- Los carros del concho.-- Los taxis.-- Los autobuses.-- Los motoconchos.-- AMET : una policía original, 47.-- AMET : ¿arbitrariedad o cumplimiento de la ley?.-- La seguridad siempre debe ser segura, 53.-- La casa del conductor, 85.-- La conducción en bondad, 89.-- La ideología del automóvil.-- Síndrome de locura del tránsito (SLT).-- El tapón, una prueba de crecimiento.-- El pináculo de la neurosis : el momento del choque.-- Actitudes para humanizar el tránsito.-- Lo que no hace un conductor en bondad, 99.-- 10 reglas que pueden servir, 109.-- Decálogos del buen manejar : De la conducción en bondad.-- De la Cámara Junior, INC.-- La imagen del tránsito, 117.-- Hacer siempre el bien, 127.-- ¿Qué hacer ante un accidente y qué ocurre en su carro cuando choca?, 132.-- Bendito el cinturón de seguridad.-- ¿Quisiera abrochárselo ahora?.-- Las maniobras más peligrosas al manejar.-- Normas ante la ocurrencia de un accidente.-- Bibliografía 140.
590 _aInventariado 2025/VM
650 7 _aTránsito de vehículos
650 7 _aSeguridad vial
910 _aVMateo V. Control de calidad. BPMSU
942 _2ddc
_cBK
999 _c14281
_d14281